000 01004nam a2200301Ia 4500
001 74113
003 IT-RoPAU
008 130308s9999 xx 000 0 und d
040 _aIT-RoPAU
040 _cIT-RoPAU
041 _aFRANCESE
100 _aChion Michel
100 _gCodice Aut. SPICS: 10243
245 _aToile Trouee (La)
245 _bToile Trouee (La)
250 _a1a ed.
260 _aPARIS
260 _bL'Etoile
260 _c1988 [1° Ed.:1988 - Ed.Ling.Originale:1988]
300 _a"192 p. (prefazione: no ; testo: 192 [pagine: 0-0])"
500 _aCinema Come Arte sonora simulacro Sinfonie urbane Cinema e Parola Suono e Televisione rumore Cinema totale Cinema muto e Sonoro Suono e montaggio Cinematografico Ontologia del Cinema Parlato Linguaggio Cinematografico Cinema Unione di Testi con figure sonore e Visive
650 _aLINGUAGGIO CINEMATOGRAFICO
650 _eCodice materia Spics: 6804
942 _cBK
957 _71
999 _c71089
_d71089
999 _bSI
999 _g1